Ends and means (Record no. 106494)
[ view plain ]
| 000 -LEADER | |
|---|---|
| fixed length control field | 01646cam a2200229 4500 |
| 001 - CONTROL NUMBER | |
| control field | L136742 |
| 008 - FIXED-LENGTH DATA ELEMENTS--GENERAL INFORMATION | |
| fixed length control field | 070221n2007 000 0 eng u |
| 022 ## - INTERNATIONAL STANDARD SERIAL NUMBER | |
| International Standard Serial Number | 14653001 |
| 035 ## - SYSTEM CONTROL NUMBER | |
| System control number | (Sirsi) u136742 |
| 041 0# - LANGUAGE CODE | |
| Language code of text/sound track or separate title | eng |
| 050 ## - LIBRARY OF CONGRESS CALL NUMBER | |
| Classification number | 306.1 $2 18 |
| 100 1# - MAIN ENTRY--PERSONAL NAME | |
| Personal name | Hills, John |
| 245 00 - TITLE STATEMENT | |
| Title | Ends and means |
| Remainder of title | the future roles of social housing in England |
| 260 ## - PUBLICATION, DISTRIBUTION, ETC. | |
| Place of publication, distribution, etc. | London |
| Name of publisher, distributor, etc. | LSE |
| Date of publication, distribution, etc. | 2007 |
| 505 2# - FORMATTED CONTENTS NOTE | |
| Formatted contents note | What are we trying to achieve?: aims; policy instruments -- What are we doing?: the overall housing background; social housing background; what do we spend? -- How are we doing?: decent homes? the quality of social housing; a price within people's means?; allowing a social mix?; supporting mobility and livlihoods?; alternative forms of support; changing pressures -- What else could we do?: fundamental reform options; the experience with recent reforms; the importance of the existing stock; mixed-income neighbourhoods; supporting livlihoods; offering a varied menu. |
| 520 ## - SUMMARY, ETC. | |
| Summary, etc. | Covers key questions on the future role of social housing, in particular: What can social housing do in helping create genuinely mixed communities? Can the way we run it encourage social mobility and opportunities, including in the labour market, for people to get on in their lives? And can social housing and other support be more responsive to changing needs and enable greater geographical mobility? |
| 590 ## - LOCAL NOTE (RLIN) | |
| Local note | KA NTK |
| 651 #4 - SUBJECT ADDED ENTRY--GEOGRAPHIC NAME | |
| Geographic name | England |
| Chronological subdivision | 886- |
| 690 ## - LOCAL SUBJECT ADDED ENTRY--TOPICAL TERM (OCLC, RLIN) | |
| Topical term or geographic name as entry element | PROPERTY-PROPERTY MANAGEMENT-REGENERATION |
| 856 40 - ELECTRONIC LOCATION AND ACCESS | |
| Uniform Resource Identifier | <a href="https://sticerd.lse.ac.uk/case/publications/reports.asp">https://sticerd.lse.ac.uk/case/publications/reports.asp</a> |
| Public note | View the report free of charge at http://sticerd.lse.ac.uk... |
| 942 ## - ADDED ENTRY ELEMENTS (KOHA) | |
| Suppress in OPAC | 0 |
| Withdrawn status | Lost status | Source of classification or shelving scheme | Damaged status | Not for loan | Home library | Current library | Shelving location | Date acquired | Total Checkouts | Full call number | Barcode | Date last seen | Copy number | Price effective from | Koha item type |
|---|---|---|---|---|---|---|---|---|---|---|---|---|---|---|---|
| Dewey Decimal Classification | Virtual | Virtual | Online | 21/02/2007 | ONLINE PUBLICATION | 136742-1001 | 06/08/2019 | 1 | 06/08/2019 | Book |